La ville de Nîmes , de A à Z - Statistiques

Statistiques générales
  • Ce quiz a été pris 96 fois
  • Le résultat moyen est 15 sur 26
Statistiques - réponses
Hint Réponse % Correct
A Le principal monument romain, âgé de 2000 ans, situé au centre de la ville Arènes
89%
O La région actuelle, où se situe la ville Occitanie
84%
F Elle a lieu le week-end de la Pentecôte Feria
82%
K Sport très pratiqué sur le Gardon, au nord de la ville Kayak
79%
L L'ancienne région où se situait Nîmes Languedoc
78%
U La Maison Carrée est inscrite sur sa liste depuis 2023 Unesco
74%
P Le célèbre aqueduc romain au nord est de la ville Pont du Gard
73%
D Célèbre écrivain du XIXe siècle, né à Nîmes, qui a donné son nom au plus ancien lycée de la ville. Alphonse Daudet
68%
J Nom du grand parc au nord du centre-ville, bâti sur des bases romaines, où se situe la source liée à la fondation de la ville. Jardins de la Fontaine
68%
M Nom de la tour romaine, dominant la ville ( en latin : la Grande Tour) Magne
68%
B La spécialité culinaire de Nîmes Brandade de morue
66%
C Le nom de la médiathèque, face à la "Maison Carrée", célèbre temple romain. Carré d'art
64%
V Cet architecte et ingénieur sous Louis XIV a donné son nom à l'université de Nîmes. Vauban
64%
H Lieu commerçant réputé, à grand succès, au cœur du centre-ville. Halles
60%
N l'ancien nom romain de la ville Nemausus
60%
R Nom et thème du musée, situé en centre-ville, inauguré en 2018 Romanité
60%
G Type de végétation, autour de la ville garrigue
58%
Z Les quartiers Pissevin et Valdegour le sont. ZUP
53%
I L'historique hôtel de luxe de la ville Imperator
52%
Q Ils longent le canal de la Fontaine Quais
52%
E Nom du centre-ville, en raison de sa forme, délimité par les grands boulevards. Ecusson
41%
W Ce rappeur s'est produit à Nîmes en novembre 2023 Werenoi
38%
X Prénom du peintre Sigalon, né à Uzès en 1787, mais ayant vécu à Nîmes. Xavier
37%
T Il a brûlé le 27 octobre 1952... un traumatisme pour les plus anciens Nîmois. Théâtre
36%
S Nom de la grande place située au milieu de l'avenue J.Jaurès Séverine
25%
Y Ce présentateur du journal télévisé s'est marié à Nîmes en 1985. (prénom et nom) Yves Mourousi
10%
Aucun quiz correspondant
Distribution des résultats
% des personnes avec chaque résultat
Percentile par nombre de réponses
Votre historique - résultats
Vous n’avez pas pris ce quiz